000 00696nam a2200253Ia 4500
003 OSt
005 20220918213652.0
006 a|||||r|||| 00| 0
007 ta
008 220917b |||||||| |||| 00| 0 eng d
024 _a133,816
037 _cTextual
040 _aARTS
_cARTS
_beng
041 _2eng
_aeng
082 _aX:979C, M4
100 _aZechariah John
_9127976
245 0 _aAdministration of industrial labour disputes
260 _aNew Delhi
_bAshish Publishing
_c1984
300 _axvii, 224p. illus tables
_ccm.
500 _aBibliography p217-221
650 _aECONOMICS
942 _hX:979C, M4
_cTEXL
_2CC
999 _c256923
_d256923